[Event "34th Chess Olympiad (men)"]
[Site "Istanbul"]
[Date "2000.10.31"]
[Round "4.46.3"]
[White "Zambrana, Oswaldo"]
[Black "Ker, Anthony F"]
[WhiteElo "2253"]
[BlackElo "2348"]
[WhiteCountry "BOL"]
[BlackCountry "NZL"]
[Result "1-0"]

1. e4 d6 2. d4 Nf6 3. Bd3 g6 4. f4 Bg7 5. Nf3 c5 6. c3 O-O 7. O-O cxd4 
8. cxd4 Nc6 9. Nc3 Qb6 10. Na4 Qc7 11. Kh1 Bg4 12. Be3 Bxf3 13. Qxf3 Qd7 
14. Nc3 Ng4 15. d5 Nd4 16. Bxd4 Bxd4 17. Bb5 Qc8 18. Rac1 a5 19. Ne2 Bc5 
20. h3 Nf6 21. e5 Ne8 22. Ng3 Nc7 23. Bd3 Qd7 24. f5 e6 25. Nh5 Nxd5 
26. Qxd5 gxh5 27. Qe4 exf5 28. Rxf5 f6 29. Qd5+ Qf7 30. e6 Qe7 31. Rxh5 Rae8 
32. Bxh7+ Kg7 33. Bg6 Qxe6 34. Rh7+ Kg8 35. Qh5 
1-0

[Event "34th Chess Olympiad (men)"]
[Site "Istanbul"]
[Date "2000.10.31"]
[Round "4.46.4"]
[White "Smith, Robert W"]
[Black "Campero, Ronald"]
[WhiteElo "2270"]
[BlackElo "2000"]
[WhiteCountry "NZL"]
[BlackCountry "BOL"]
[Result "0-1"]

1. Nf3 g6 2. e4 Bg7 3. d4 d6 4. Nc3 Nf6 5. h3 O-O 6. Be3 a6 7. a4 Nc6 8. Be2 e5 
9. O-O Bd7 10. dxe5 dxe5 11. Bc4 Qc8 12. Kh2 Be6 13. Bxe6 Qxe6 14. Nd5 Rad8 
15. Bg5 Rd6 16. Bxf6 Bxf6 17. Qe2 Bd8 18. c3 f5 19. Rad1 f4 20. Nd2 h5 
21. b4 Nb8 22. c4 c6 23. Nc3 Rd7 24. Nb3 f3 25. gxf3 Rdf7 26. Nc5 Qc8 
27. Rd3 Bg5 28. Rg1 Bf4+ 29. Kg2 b6 30. Nb3 Qe6 31. Rdd1 Kh7 32. Nb1 Nd7 
33. Rh1 Bg5 34. N1d2 Be7 35. b5 axb5 36. axb5 cxb5 37. cxb5 Bc5 38. Rc1 Qe7 
39. Nxc5 Nxc5 40. Rc3 Qg5+ 41. Kh2 Ne6 42. Rg1 Qf4+ 43. Kh1 Rd7 44. Nb3 Qh4 
45. Rg3 Rfd8 46. Qc4 Nf4 47. Kh2 Nxh3 
0-1

[Event "34th Chess Olympiad (men)"]
[Site "Istanbul"]
[Date "2000.10.31"]
[Round "4.47.1"]
[White "Samuel Sousa, Carlos"]
[Black "Arduman, Can"]
[WhiteElo "2000"]
[BlackElo "2397"]
[WhiteCountry "ANG"]
[BlackCountry "TURA"]
[Result "1/2-1/2"]

1. e4 c5 2. Nf3 Nc6 3. d4 cxd4 4. Nxd4 Nf6 5. Nc3 e5 6. Nb3 Bb4 7. Bd3 d5 
8. exd5 Nxd5 9. Bd2 Nxc3 10. bxc3 Bd6 11. Qh5 g6 12. Qh6 Bf8 13. Qe3 Bg7 
14. O-O O-O 15. f4 exf4 16. Qxf4 Ne5 17. Nd4 Ng4 18. Qg3 Qa5 19. Nb3 Qe5 
20. Rf4 Nf6 21. Re1 Qd6 22. Qh4 Nd5 23. Rf3 Be6 
1/2-1/2

[Event "34th Chess Olympiad (men)"]
[Site "Istanbul"]
[Date "2000.10.31"]
[Round "4.47.2"]
[White "Soylu, Suat"]
[Black "Domingos, Gomes"]
[WhiteElo "2345"]
[BlackElo "2000"]
[WhiteCountry "TURA"]
[BlackCountry "ANG"]
[Result "1-0"]

1. e4 e6 2. d4 d5 3. Nc3 Nf6 4. e5 Nfd7 5. Nce2 c5 6. c3 Qb6 7. f4 Nc6 
8. Nf3 cxd4 9. cxd4 Bb4+ 10. Kf2 f6 11. Kg3 g5 12. h4 gxf4+ 13. Bxf4 fxe5 
14. dxe5 Nc5 15. Kh2 Ne4 16. Ng3 Nf2 17. Qe2 Nxh1 18. Kxh1 Bd7 19. Nh5 O-O-O 
20. Bg5 Be7 21. Bf6 Bxf6 22. exf6 Kb8 23. Ng5 Rdf8 24. Nxe6 Re8 25. Nhg7 Nd8 
26. Qe5+ Kc8 27. Rc1+ Bc6 28. Nxe8 Rxe8 29. Qf5 Qe3 30. Ng7+ Kb8 31. Nxe8 Qxe8 
32. Rc3 a6 33. Qf4+ Ka8 34. Re3 Qh5 35. Re7 
1-0

[Event "34th Chess Olympiad (men)"]
[Site "Istanbul"]
[Date "2000.10.31"]
[Round "4.47.3"]
[White "Santos Simao, Amorim"]
[Black "Gurcan, Selim"]
[WhiteElo "2000"]
[BlackElo "2295"]
[WhiteCountry "ANG"]
[BlackCountry "TURA"]
[Result "0-1"]

1. d4 Nf6 2. c4 g6 3. Nc3 Bg7 4. e4 d6 5. Be2 O-O 6. Bg5 Na6 7. h4 e5 8. d5 c6 
9. Qd2 cxd5 10. Nxd5 Nc5 11. f3 Ne6 12. Rd1 Nxg5 13. hxg5 Nxd5 14. cxd5 f6 
15. g4 fxg5 16. Nh3 Bf6 17. Kf2 Bd7 18. Kg3 h6 19. Rc1 Qb8 20. Nf2 Kg7 
21. Nd1 Bd8 22. Ne3 b5 23. b3 Bb6 24. Nc2 a5 25. a3 Qa7 26. Rb1 Rac8 
27. Bd3 Rf4 28. Rbf1 Qc7 29. Qe2 Qc3 30. b4 axb4 31. axb4 Rh8 32. Ra1 Rhf8 
33. Rhf1 h5 34. Ra3 Qc8 35. gxh5 gxh5 36. Ne3 g4 37. Nf5+ Bxf5 38. exf5 Qd8 
39. Be4 Qg5 
0-1

[Event "34th Chess Olympiad (men)"]
[Site "Istanbul"]
[Date "2000.10.31"]
[Round "4.47.4"]
[White "Atakisi, Umut"]
[Black "Domingos, Manuel"]
[WhiteElo "2258"]
[BlackElo "2000"]
[WhiteCountry "TURA"]
[BlackCountry "ANG"]
[Result "1/2-1/2"]

1. e4 e5 2. Nf3 Nc6 3. Bb5 Nf6 4. O-O d6 5. d4 Bd7 6. Nc3 Be7 7. Bg5 exd4 
8. Nxd4 O-O 9. Bxc6 bxc6 10. Re1 h6 11. Bh4 Rb8 12. b3 c5 13. Nf3 Be6 
14. e5 Nd7 15. Bxe7 Qxe7 16. exd6 cxd6 17. Nd5 Qd8 18. Nf4 Bg4 19. Qxd6 Bxf3 
20. gxf3 Qg5+ 21. Ng2 Rbd8 22. Qg3 Qf6 23. Qf4 Qg6 24. Rad1 Nf6 25. c4 Qc2 
26. Rxd8 Rxd8 27. Qc7 Rd2 28. Qxc5 Qxa2 29. b4 Rc2 30. Qc8+ Kh7 31. Qf5+ Kg8 
32. Qc8+ Kh7 33. Qf5+ Kg8 34. Rd1 Rd2 35. Qc8+ Kh7 36. Rf1 Qb3 37. Qf5+ Kg8 
38. Ne3 Qxb4 39. Rb1 Rb2 40. Rxb2 Qxb2 41. Qc8+ Kh7 42. Qc7 Qb1+ 43. Nf1 Qg6+ 
44. Ng3 Nh5 45. c5 a5 46. Qe5 Nxg3 47. hxg3 a4 48. Qc3 Qb1+ 49. Kg2 Qb3 
50. Qxb3 
1/2-1/2

[Event "34th Chess Olympiad (men)"]
[Site "Istanbul"]
[Date "2000.10.31"]
[Round "4.48.1"]
[White "Hakki, Imad"]
[Black "Mueller, Leonhard"]
[WhiteElo "2429"]
[BlackElo "2249"]
[WhiteCountry "SYR"]
[BlackCountry "NAM"]
[Result "1-0"]

1. e4 c5 2. Nf3 d6 3. d4 Nf6 4. Nc3 cxd4 5. Nxd4 g6 6. Be3 Bg7 7. f3 O-O 
8. Qd2 Nc6 9. Bc4 Bd7 10. h4 Qc7 11. Bb3 Na5 12. h5 Nc4 13. Bxc4 Qxc4 
14. O-O-O b5 15. hxg6 b4 16. Nd5 Nxd5 17. Bh6 Nf6 18. gxh7+ Kh8 19. Bxg7+ 
1-0

[Event "34th Chess Olympiad (men)"]
[Site "Istanbul"]
[Date "2000.10.31"]
[Round "4.48.2"]
[White "Nakapunda, Otto"]
[Black "Al Zaim, Talal"]
[WhiteElo "2157"]
[BlackElo "2249"]
[WhiteCountry "NAM"]
[BlackCountry "SYR"]
[Result "0-1"]

1. d4 d5 2. c4 e6 3. Nf3 c5 4. e3 Nf6 5. Bd3 dxc4 6. Bxc4 a6 7. O-O b5 
8. Be2 Bb7 9. a4 b4 10. Nbd2 Nc6 11. Nb3 cxd4 12. exd4 Qd5 13. Bf4 Be7 
14. Rc1 Rc8 15. Bc4 Qf5 16. Bg3 O-O 17. Qe2 Ra8 18. Rfd1 Rfd8 19. Bd3 Qd5 
20. Bc4 Qh5 21. Bd3 Qd5 22. Bc4 Qe4 23. Qf1 Qf5 24. Bd3 Qd5 25. Bc4 Qh5 
26. Be2 Qd5 27. Bc4 Qh5 28. Be2 Qg6 29. Nc5 Bxc5 30. dxc5 Nd5 31. Bd3 Qh6 
32. Rc4 f5 33. Bd6 Qf6 34. Qe1 Re8 35. Be5 Qg6 36. Bf1 Rac8 37. Rdc1 Nf6 
38. Nd4 a5 39. Bxf6 Qxf6 40. Nb5 Ne5 41. Nd6 Nxc4 42. Nxe8 Rxe8 43. Bxc4 Bc6 
44. b3 h6 45. Bb5 Rc8 46. Bxc6 Rxc6 47. Qe3 Qd8 48. h3 Qd5 49. Rc4 e5 
50. Qc1 Qd3 51. Qb2 Qd5 52. Qc2 e4 53. Kf1 Kf7 54. Ke2 Ke7 55. Ke3 Qe5 
56. g3 Kd7 57. Qd2+ Ke7 58. Qd4 Qxd4+ 59. Kxd4 Ke6 60. Rc2 Rc8 61. Kc4 Rb8 
62. Rd2 g5 63. Rd6+ Ke5 64. Rd5+ Ke6 65. Kd4 Rc8 66. Rd6+ Ke7 67. Kc4 f4 
68. Ra6 e3 69. Kd3 exf2 70. Ke2 fxg3 71. Kf1 Rxc5 
0-1

[Event "34th Chess Olympiad (men)"]
[Site "Istanbul"]
[Date "2000.10.31"]
[Round "4.48.3"]
[White "Mohamed, Sameer"]
[Black "Oberholzer, Rex"]
[WhiteElo "2287"]
[BlackElo "2200"]
[WhiteCountry "SYR"]
[BlackCountry "NAM"]
[Result "1-0"]

1. d4 Nf6 2. c4 c5 3. d5 b5 4. Nd2 bxc4 5. e4 g6 6. Bxc4 d6 7. b3 Bg7 
8. Bb2 O-O 9. Ngf3 Nbd7 10. O-O Qc7 11. h3 a5 12. a4 Nb8 13. Re1 Na6 14. e5 Ne8 
15. exd6 exd6 16. Bxg7 Kxg7 17. Ne4 Nb4 18. Qd2 Kg8 19. Re2 f5 20. Neg5 Ng7 
21. Rae1 Bd7 22. Re7 Qd8 23. Qc3 Nh5 24. Nxh7 Rf7 25. Rxf7 Kxf7 26. h4 Kg8 
27. Nfg5 Ra7 28. Be2 Ng7 29. Nf6+ Kf8 30. Nxd7+ Rxd7 31. Bb5 Nxd5 32. Qc4 Re7 
33. Rxe7 Qxe7 34. Qxd5 Nh5 35. Ne6+ Kg8 36. Nf4+ Kg7 37. Nxh5+ gxh5 
38. Qxf5 Qe1+ 39. Bf1 Qd1 40. Qd3 
1-0

[Event "34th Chess Olympiad (men)"]
[Site "Istanbul"]
[Date "2000.10.31"]
[Round "4.48.4"]
[White "Hanemaaijer, Teunis"]
[Black "Alnashed, Kamal"]
[WhiteElo "2000"]
[BlackElo "2000"]
[WhiteCountry "NAM"]
[BlackCountry "SYR"]
[Result "0-1"]

1. e4 e5 2. Nf3 Nc6 3. d4 exd4 4. Bc4 Bc5 5. Ng5 Nh6 6. Nxf7 Nxf7 7. Bxf7+ Kxf7 
8. Qh5+ g6 9. Qxc5 d6 10. Qc4+ Be6 11. Qe2 Re8 12. O-O Kg8 13. f4 Bf5 
14. Qc4+ Be6 15. Qb5 a6 16. Qxb7 Qd7 17. f5 gxf5 18. exf5 Bd5 19. c4 Bxc4 
20. f6 Reb8 21. f7+ Bxf7 
0-1

[Event "34th Chess Olympiad (men)"]
[Site "Istanbul"]
[Date "2000.10.31"]
[Round "4.49.2"]
[White "Granara, Barreto Sebastian A"]
[Black "Magana, Ben"]
[WhiteElo "2095"]
[BlackElo "2000"]
[WhiteCountry "URU"]
[BlackCountry "KEN"]
[Result "1/2-1/2"]

1. d4 d5 2. Nf3 Nf6 3. c4 e6 4. cxd5 exd5 5. Nc3 c6 6. Bg5 Be7 7. e3 Bf5 
8. Bd3 Bxd3 9. Qxd3 O-O 10. O-O Nbd7 11. Rab1 Ne4 12. Bxe7 Qxe7 13. Nd2 f5 
14. f3 Nxd2 15. Qxd2 Rae8 16. Rfe1 Qg5 17. b4 Rf6 18. b5 Nb6 19. Qf2 Nc4 
20. f4 Qg4 21. bxc6 bxc6 22. Nd1 Rfe6 23. Rb3 c5 24. Rd3 Nd6 25. dxc5 Ne4 
26. Qf3 Qh4 27. g3 Rg6 28. Kg2 Qd8 29. Re2 Re7 30. Rc2 Rc6 31. Nf2 Rd7 
32. Qd1 Rxc5 33. Nxe4 Rxc2+ 34. Qxc2 dxe4 35. Qc4+ Kh8 36. Rxd7 Qxd7 37. Qc2 g6 
38. Kf2 Kg7 39. Qc3+ Kf7 40. h3 Kg8 41. Ke1 Kf7 42. h4 Ke6 43. Qc4+ Qd5 
44. Qa6+ Qd6 45. Qc8+ Ke7 46. Qc3 Qd7 47. Qh8 Ke6 48. a3 Qc7 49. Qg8+ Kf6 
50. Qh8+ Ke6 51. Qb2 Qa5+ 52. Kf2 Qd5 53. Qc2 Qd3 54. Qc8+ Kd5 55. Qc1 Qc4 
56. Qb2 Qd3 57. Qb7+ Kc4 58. Qb4+ Kd5 59. Qb7+ Kc4 60. Qb4+ Kd5 
1/2-1/2

[Event "34th Chess Olympiad (men)"]
[Site "Istanbul"]
[Date "2000.10.31"]
[Round "4.49.3"]
[White "Kanegeni, Mathew"]
[Black "Cukerman, Diego"]
[WhiteElo "2000"]
[BlackElo "2000"]
[WhiteCountry "KEN"]
[BlackCountry "URU"]
[Result "1-0"]

1. d4 Nf6 2. c4 g6 3. Nc3 Bg7 4. e4 d6 5. f3 O-O 6. Be3 e5 7. d5 c6 8. Qd2 cxd5 
9. cxd5 Bd7 10. O-O-O a6 11. Kb1 b5 12. a3 Qc7 13. Rc1 Rc8 14. Bd3 Qb7 
15. Nge2 Be8 16. Na2 Nbd7 17. Rxc8 Rxc8 18. Nec1 Nc5 19. Bc2 Bf8 20. b4 Ncd7 
21. Nb3 Nb6 22. Na5 Qb8 23. Bb3 Be7 24. Rc1 Bd8 25. Rxc8 Qxc8 26. Qc2 Qxc2+ 
27. Kxc2 Nc8 28. Kc3 Nh5 29. Bd1 f5 30. Be2 Nf6 31. Bd3 fxe4 32. fxe4 Kf7 
33. Nb7 Bc7 34. Kb3 Bd7 35. Nc3 Ne7 36. Bg5 Nh5 37. a4 Bc8 38. Na5 Nf4 
39. Bf1 bxa4+ 40. Nxa4 Ng8 41. g3 Nh5 42. Be3 Ngf6 43. Bd3 Nd7 44. Nc4 Ke7 
45. Nab6 Bb7 46. Nxd7 Kxd7 47. Ka4 Nf6 48. Nb6+ Ke8 49. Nc4 Nd7 50. Nd2 Kf7 
51. Nf3 Nb6+ 52. Kb3 Kf6 53. Ng5 h6 54. Nh3 g5 55. Nf2 Nd7 56. Be2 Kg6 
57. Bg4 Nf6 58. Bf5+ Kf7 59. Nd1 Ke7 60. h4 Nh5 61. hxg5 hxg5 62. Bxg5+ Kf7 
63. Bh4 Bb6 64. Nb2 Nf6 65. Nc4 Bc7 66. Kc3 Ne8 67. Kd3 Ng7 68. g4 Nxf5 
69. gxf5 Bc8 70. Ke3 Bd7 71. Kd2 Bb5 72. Kc3 Bd7 73. Bf2 Bb5 74. Bb6 Bxb6 
75. Nxb6 Kf6 76. Nc8 Bd7 77. Nxd6 Ke7 78. Nc4 Kf6 79. Nb6 Bb5 80. d6 Bc6 81. d7 
1-0

[Event "34th Chess Olympiad (men)"]
[Site "Istanbul"]
[Date "2000.10.31"]
[Round "4.49.4"]
[White "Carvalho, Guillermo"]
[Black "Mukabi, John"]
[WhiteElo "2172"]
[BlackElo "2100"]
[WhiteCountry "URU"]
[BlackCountry "KEN"]
[Result "1/2-1/2"]

1. c4 Nf6 2. Nc3 e6 3. e4 Bb4 4. e5 Bxc3 5. dxc3 Ne4 6. Qg4 d5 7. Qxg7 Kd7 
8. Nf3 Qg8 9. Qxg8 Rxg8 10. Be3 c6 11. Rd1 Kc7 12. g3 Nd7 13. Bd3 f5 
14. exf6ep Ndxf6 15. Bf4+ Kb6 16. Ne5 a5 17. O-O Rg7 18. f3 Ng5 19. Kg2 Nd7 
20. Rde1 Nf7 21. Nxd7+ Bxd7 22. Be5 Nxe5 23. Rxe5 Rf8 24. Rfe1 Rff7 
25. R1e3 Kc5 26. b3 b5 27. cxb5 cxb5 28. f4 Rxf4 29. Bxh7 Kd6 30. Bd3 d4 
31. cxd4 Rxd4 32. Bxb5 Rd2+ 33. Kg1 Bxb5 34. Rxb5 Rc7 35. Rb6+ Kd5 
36. Rbxe6 Rc1+ 37. Re1 Rcc2 38. Rh6 Rg2+ 39. Kh1 Rxa2 40. Rg1 Rgb2 41. g4 Rxb3 
42. g5 Rb8 43. g6 Rg8 44. g7 Rb2 45. Rh8 Rbb8 46. Rh5+ Ke6 47. Rxa5 Rb7 
48. Rag5 Kf6 49. Rg6+ Kf7 50. R6g2 Kf6 51. Rf2+ Ke5 52. Rfg2 Kf6 53. Rf1+ Ke5 
54. Re2+ Kd4 55. Rd1+ Kc3 56. Rg2 Rbxg7 57. Rxg7 Rxg7 58. h3 Rg3 59. Kh2 Re3 
60. h4 Kc4 61. Kg2 Kc5 62. Rh1 Kd5 63. h5 Re7 64. Kg3 Ke6 65. h6 Rh7 
66. Kg4 Kf7 67. Kg5 Kg8 68. Kg6 Ra7 69. Rb1 Ra6+ 70. Kg5 
1/2-1/2

[Event "34th Chess Olympiad (men)"]
[Site "Istanbul"]
[Date "2000.10.31"]
[Round "4.50.1"]
[White "Dos Ramos, Carlos"]
[Black "Borg, Geoffrey"]
[WhiteElo "2000"]
[BlackElo "2344"]
[WhiteCountry "SUR"]
[BlackCountry "MLT"]
[Result "0-1"]

1. Nf3 g6 2. c4 Bg7 3. Nc3 c5 4. g3 b6 5. Bg2 Bb7 6. d3 Nf6 7. O-O O-O 
8. Bd2 d5 9. cxd5 Nxd5 10. Qb3 Nxc3 11. Bxc3 Nc6 12. Bxg7 Kxg7 13. Rac1 Qd6 
14. Rfd1 Rad8 15. Qc3+ e5 16. Nxe5 Nd4 17. Nf3 Bxf3 18. exf3 Kg8 19. Qd2 Rfe8 
20. Re1 Qd5 21. Re4 Qxa2 22. Rce1 Rxe4 23. fxe4 Qb3 24. Rc1 Qb5 25. Rc3 Qa5 
26. Qd1 Qb4 27. Ra3 a5 28. Qb1 Qd2 29. h4 b5 30. Ra2 Nb3 31. Bf1 Rd4 32. Ra3 a4 
0-1

[Event "34th Chess Olympiad (men)"]
[Site "Istanbul"]
[Date "2000.10.31"]
[Round "4.50.2"]
[White "Camilleri, Henry"]
[Black "Siban, Michael"]
[WhiteElo "2156"]
[BlackElo "2000"]
[WhiteCountry "MLT"]
[BlackCountry "SUR"]
[Result "1/2-1/2"]

1. e4 c6 2. d4 d5 3. exd5 cxd5 4. c4 Nf6 5. Nc3 Nc6 6. Nf3 Bg4 7. cxd5 Nxd5 
8. Bb5 Nxc3 9. bxc3 e6 10. h3 Bxf3 11. Qxf3 Qc7 12. O-O Be7 13. Re1 O-O 
14. a4 Rfd8 15. Bf4 Bd6 16. Bg5 Rdc8 17. Rab1 Na5 18. Bd2 b6 19. Ba6 Re8 
20. Bb5 Rec8 21. Bd3 Nc4 22. Bc1 Bf8 23. Bf4 Bd6 24. Bc1 Bf8 25. Qe4 g6 
26. Qf3 Nd6 27. Bd2 Nc4 28. Bg5 Nd6 29. Ba6 Re8 30. Bf4 Be7 31. Re2 Red8 
32. a5 Rab8 33. Reb2 Qd7 34. axb6 Rxb6 35. Rxb6 axb6 36. Rxb6 Qa7 37. Qc6 Qd7 
38. Kf1 Qxc6 39. Rxc6 Ne4 40. Ke2 Nf6 41. Kd3 Nd5 42. Ke4 Nf6+ 43. Kf3 Nd5 
44. Bd2 Kg7 45. c4 Nb4 46. Bxb4 Bxb4 47. Ke4 Be1 48. f4 Bc3 49. d5 exd5+ 
50. cxd5 Bb4 51. g4 Bd6 52. f5 Re8+ 53. Kd4 Rd8 54. Bd3 g5 55. Ra6 h6 
56. Kc4 Kf6 57. Kb5 Ke5 58. Ra7 Rb8+ 59. Kc6 Rc8+ 60. Kd7 Rc3 61. Bf1 Kxd5 
62. Bg2+ Ke5 63. Ra5+ Rc5 64. Rxc5+ Bxc5 65. Ke8 f6 66. Kf7 Bd4 67. Kg6 Kf4 
68. Kxh6 Kg3 69. Bf1 Kf2 70. Bc4 Kg2 71. Kh5 
1/2-1/2

[Event "34th Chess Olympiad (men)"]
[Site "Istanbul"]
[Date "2000.10.31"]
[Round "4.50.3"]
[White "Matoewi, Roger"]
[Black "Camilleri, Stephan J"]
[WhiteElo "2000"]
[BlackElo "2097"]
[WhiteCountry "SUR"]
[BlackCountry "MLT"]
[Result "1-0"]

1. e4 c5 2. Nf3 e6 3. d4 cxd4 4. Nxd4 a6 5. Nc3 Qc7 6. Bd3 Nf6 7. O-O Bc5 
8. Nb3 Be7 9. Kh1 d6 10. f4 Nbd7 11. Qf3 b6 12. Bd2 Bb7 13. Rae1 O-O 14. Qh3 e5 
15. Nd5 Nxd5 16. exd5 g6 17. c4 f5 18. Nd4 Nc5 19. fxe5 dxe5 20. Nxf5 gxf5 
21. Bxf5 Bd6 22. b4 Na4 23. Bh6 Kh8 24. Re4 Bc8 25. Bxf8 Bxf8 26. Rh4 Bxf5 
27. Qxf5 Bxb4 28. c5 Bxc5 29. Qf6+ Qg7 30. Qxg7+ Kxg7 31. Rxa4 a5 32. Rg4+ Kh8 
33. Rf7 Rg8 34. Re4 Bd4 35. g3 Rg7 36. Rf6 Rd7 37. Rg4 Rd8 38. Re6 Rg8 
39. Rxg8+ Kxg8 40. d6 
1-0

[Event "34th Chess Olympiad (men)"]
[Site "Istanbul"]
[Date "2000.10.31"]
[Round "4.50.4"]
[White "Cilia, Vincenti V"]
[Black "Gajadin, Dew"]
[WhiteElo "2215"]
[BlackElo "2202"]
[WhiteCountry "MLT"]
[BlackCountry "SUR"]
[Result "1/2-1/2"]

1. Nf3 Nf6 2. g3 g6 3. Bg2 Bg7 4. d4 d5 5. Ne5 O-O 6. O-O Nbd7 7. Bf4 c6 
8. c3 Nh5 9. Nd2 Nxe5 10. dxe5 Nxf4 11. gxf4 Bh6 12. e3 Bf5 13. Qf3 f6 
14. Qg3 Kh8 15. Qh4 Bg7 16. Nf3 fxe5 17. Nxe5 Qc7 18. Nf3 Rae8 19. Rfd1 Bf6 
20. Ng5 e5 21. fxe5 Rxe5 22. Qg3 Bxg5 23. Qxg5 Bc2 24. Qh6 Qf7 25. Rd2 Rh5 
26. Qf4 Qxf4 27. exf4 Bf5 28. Re1 Kg7 29. Rd4 Rh4 30. b4 Bh3 31. Bxh3 Rxh3 
32. Re3 Rh4 33. Rf3 Re8 34. Re3 Rf8 35. Rf3 Rh5 36. Kg2 Rhf5 37. Kg3 b5 
38. h4 a5 39. a3 Ra8 40. Re3 Rf7 41. Re6 Rf6 42. Re7+ Rf7 43. Re6 axb4 
44. axb4 Rf6 45. Re7+ Kh6 46. Re3 Ra3 47. Kg4 Rf7 48. Rd2 Kg7 49. Rde2 Rb3 
50. Kf3 d4 51. cxd4 Rxb4 52. Re4 Rc4 53. Rd2 Rd7 54. Rd3 Kf6 55. Ke3 Rc1 
56. Kf3 Rh1 57. Kg3 Rc1 58. Kf3 Rd6 59. Ree3 Rc4 60. Re4 Re6 61. Ree3 Ke7 
62. Re5 Kd6 63. Ke4 Rc1 64. Rh3 Rc2 65. Rh2 b4 66. Kd3 Rc3+ 67. Kd2 Rf3 
68. Ke2 Rxf4 69. Rxe6+ Kxe6 70. Ke3 Rf7 71. f4 Kd5 72. h5 b3 73. hxg6 hxg6 
74. Rg2 Rb7 75. Rg5+ Kc4 76. Rc5+ Kb4 77. Kd3 Rh7 78. Rxc6 Rh3+ 79. Ke4 b2 
80. Rb6+ Kc3 81. d5 Rh1 82. d6 b1Q+ 83. Rxb1 Rxb1 84. Kd5 Rf1 85. Ke5 Kc4 
86. d7 Rd1 87. Ke6 Kc5 88. Ke7 Re1+ 89. Kf7 Rd1 90. Ke7 Re1+ 91. Kf7 Rd1 
92. Ke7 Kc6 93. d8Q Rxd8 94. Kxd8 Kd6 95. Ke8 Ke6 96. Kf8 Kf6 97. Kg8 
1/2-1/2

[Event "34th Chess Olympiad (men)"]
[Site "Istanbul"]
[Date "2000.10.31"]
[Round "4.51.2"]
[White "Iraheta, Jorge"]
[Black "Farleigh, Richard"]
[WhiteElo "2000"]
[BlackElo "2199"]
[WhiteCountry "ESA"]
[BlackCountry "MNC"]
[Result "0-1"]

1. e4 g6 2. d4 Bg7 3. Nc3 c6 4. Nf3 d6 5. Bg5 Nd7 6. Qd2 Qc7 7. Be2 b5 8. h4 h6 
9. Be3 Ngf6 10. Bd3 Nb6 11. Nh2 Bd7 12. f3 b4 13. Ne2 c5 14. c3 c4 15. Bc2 bxc3 
16. Nxc3 h5 17. Rc1 Qb7 18. Bd1 Rb8 19. b3 Rc8 20. Qf2 cxb3 21. Bxb3 Nc4 
22. Bxc4 Rxc4 23. O-O O-O 24. Rc2 Rfc8 25. Rfc1 R4c7 26. Nf1 e6 27. Bg5 Ne8 
28. Ng3 Qb4 29. Nge2 Ba4 30. Rd2 Rxc3 31. Nxc3 Rxc3 32. Rxc3 Qxc3 33. Qe3 Qxe3+ 
34. Bxe3 d5 35. e5 a6 36. Rb2 Bb5 37. Bd2 Nc7 38. Rc2 Bc4 39. a4 Kh7 
40. Ba5 Ne8 41. Rb2 Nd6 42. exd6 Bxd4+ 43. Kh1 Bxb2 44. Bd2 Bb3 
0-1

[Event "34th Chess Olympiad (men)"]
[Site "Istanbul"]
[Date "2000.10.31"]
[Round "4.51.3"]
[White "Lebel, Patrick"]
[Black "Arias, Lemnys"]
[WhiteElo "2172"]
[BlackElo "2000"]
[WhiteCountry "MNC"]
[BlackCountry "ESA"]
[Result "1/2-1/2"]

1. d4 Nf6 2. Nf3 g6 3. Bf4 Bg7 4. e3 O-O 5. Be2 d6 6. h3 c5 7. c3 b6 8. O-O Bb7 
9. Nbd2 Nbd7 10. a4 Qc7 11. a5 Rab8 12. axb6 axb6 13. Qb3 b5 14. Ra7 Qb6 
15. Rfa1 c4 16. Qd1 Ra8 17. Rxa8 Rxa8 18. Rxa8+ Bxa8 19. Qa1 Bb7 20. Ne1 e5 
21. Bg3 e4 22. Nc2 Bf8 23. f3 d5 24. Nb4 Nh5 25. Bh2 Ng7 26. fxe4 dxe4 
27. b3 cxb3 28. Nxb3 Nf5 29. Bf4 Bd6 30. Qf1 Bc6 31. Nxc6 Qxc6 32. Bxb5 Qxc3 
33. Bxd7 Nxe3 34. Qf2 Bxf4 35. Qxf4 Qxb3 36. Kh2 Nd5 37. Qxe4 Qb8+ 38. Kg1 Nf6 
39. Qc6 Qf4 40. Qa4 Ne4 41. Bc6 Ng3 42. Bf3 h5 43. Qd1 Qe3+ 44. Kh2 Qf2 
45. d5 Nf1+ 46. Kh1 Ng3+ 47. Kh2 Nf1+ 
1/2-1/2

[Event "34th Chess Olympiad (men)"]
[Site "Istanbul"]
[Date "2000.10.31"]
[Round "4.51.4"]
[White "Ricando, Chavez"]
[Black "Bussachini, Michel"]
[WhiteElo "2111"]
[BlackElo "2068"]
[WhiteCountry "ESA"]
[BlackCountry "MNC"]
[Result "0-1"]

1. e4 e5 2. Nf3 Nc6 3. Bb5 a6 4. Ba4 Nf6 5. O-O Be7 6. Re1 b5 7. Bb3 d6 
8. c3 O-O 9. h3 Nd7 10. d4 Bf6 11. a4 Bb7 12. d5 Ne7 13. axb5 axb5 
14. Rxa8 Qxa8 15. Nbd2 c6 16. dxc6 Bxc6 17. Qe2 Nc5 18. Bc2 g6 19. b4 Ne6 
20. Nb3 Rd8 21. Na5 Be8 22. Bb2 Nf4 23. Qf1 Nc6 24. Nb3 Qb7 25. g3 Ne6 
26. Rd1 Be7 27. Rd2 Bd7 28. Qd1 Nc7 29. Kh2 Be6 30. Ne1 Qc8 31. h4 Rf8 
32. Ng2 f5 33. f4 fxe4 34. Bxe4 d5 35. Bxd5 Bxd5 36. Rxd5 Nxd5 37. Qxd5+ Rf7 
38. Qxb5 exf4 39. Nxf4 Bxh4 40. gxh4 Rxf4 41. Qd5+ Rf7 42. c4 Qg4 43. Nd4 Qxh4+ 
44. Kg2 Nxb4 45. Qe6 Qg5+ 46. Kh3 Qe7 47. c5 Qxe6+ 48. Nxe6 Nc6 49. Ng5 Rf2 
50. Bc3 h6 51. Ne4 Rf3+ 52. Kg4 Rf5 53. Bb2 h5+ 54. Kg3 Kf8 55. Nf6 Kf7 
56. Ne4 Ke6 57. Bc1 Kd5 58. Nd6 Rf1 59. Be3 Ne5 60. Kh4 Ng4 61. Bd2 Kxc5 
62. Nc8 Rf7 63. Bc1 Kd5 64. Kg5 Rc7 65. Nb6+ Kc5 66. Na4+ Kd4 67. Bb2+ Ke4 
68. Kxg6 h4 69. Nc3+ Rxc3 
0-1

[Event "34th Chess Olympiad (men)"]
[Site "Istanbul"]
[Date "2000.10.31"]
[Round "4.52.1"]
[White "Farrand, Tom"]
[Black "De Silva, Nuwan"]
[WhiteElo "2270"]
[BlackElo "2000"]
[WhiteCountry "JCI"]
[BlackCountry "SRI"]
[Result "1/2-1/2"]

1. e4 c5 2. Nc3 Nc6 3. f4 g6 4. Nf3 Bg7 5. Bb5 Nd4 6. a4 a6 7. Bc4 d6 8. d3 e6 
9. f5 gxf5 10. O-O Ne7 11. Bg5 Bd7 12. Nxd4 Bxd4+ 13. Kh1 h6 14. Bh4 Bc6 
15. Qh5 Qd7 16. Rae1 Bxc3 17. bxc3 Rg8 18. Bxe7 Qxe7 19. Bd5 Qg5 20. Qxg5 Rxg5 
21. Bxc6+ bxc6 22. exf5 Ke7 23. fxe6 fxe6 24. Rb1 d5 25. Rb7+ Kd6 26. Rh7 Rg6 
27. h4 Rag8 28. Rf2 Rg4 29. Rxh6 Rxa4 30. Re2 Ra1+ 31. Kh2 Re8 32. g4 a5 
33. g5 a4 34. g6 Rg8 35. h5 a3 36. g7 Rxg7 37. Rexe6+ Kd7 38. Rxc6 Rag1 39. Ra6 
1/2-1/2

[Event "34th Chess Olympiad (men)"]
[Site "Istanbul"]
[Date "2000.10.31"]
[Round "4.52.2"]
[White "Fonseka, C.k.d"]
[Black "Hawes, Jonathan"]
[WhiteElo "2000"]
[BlackElo "2113"]
[WhiteCountry "SRI"]
[BlackCountry "JCI"]
[Result "0-1"]

1. e4 e6 2. d4 d5 3. Nd2 Nf6 4. e5 Nfd7 5. Bd3 c5 6. c3 Nc6 7. Ne2 cxd4 
8. cxd4 f6 9. Nf4 Nxd4 10. Qh5+ Ke7 11. Ng6+ hxg6 12. Qxh8 Nxe5 13. Bb1 Kf7 
14. O-O Bd7 15. Qh4 Qb6 16. Kh1 Bb5 17. Re1 Nd3 18. Bxd3 Bxd3 19. Rd1 Nc2 
20. Rb1 Be2 21. Rf1 Rc8 22. Kg1 g5 23. Qh3 Bc5 24. Nb3 Bxf1 25. Nxc5 Qxc5 
26. Qh5+ Kg8 27. Bxg5 fxg5 28. Kxf1 Qc4+ 29. Kg1 Qxa2 30. Qd1 Nd4 31. Qd3 Qxb1+ 
32. Qxb1 Rc1+ 33. Qxc1 Ne2+ 34. Kf1 Nxc1 
0-1

[Event "34th Chess Olympiad (men)"]
[Site "Istanbul"]
[Date "2000.10.31"]
[Round "4.52.3"]
[White "Hill, Christopher"]
[Black "De Silva, Nirosh"]
[WhiteElo "2000"]
[BlackElo "2162"]
[WhiteCountry "JCI"]
[BlackCountry "SRI"]
[Result "0-1"]

1. e4 c5 2. Nf3 e6 3. d4 cxd4 4. Nxd4 Nc6 5. Nb5 d6 6. N1c3 a6 7. Nd4 Nf6 
8. Be2 Qc7 9. Nxc6 bxc6 10. a3 Bb7 11. Bf3 Be7 12. O-O d5 13. exd5 cxd5 
14. Ne2 O-O 15. Ng3 Rfc8 16. c3 Rab8 17. Bg5 Bc6 18. Rb1 h6 19. Bd2 Bb5 
20. Be2 Bxe2 21. Qxe2 Qc4 22. Qxc4 dxc4 23. Rfe1 Rb7 24. Ne4 Nxe4 25. Rxe4 Bxa3 
26. Bc1 a5 27. Rg4 Kf8 28. Re4 Rb3 29. g3 Ke7 30. Rd4 Bc5 31. Re4 a4 32. Ra1 a3 
33. Ra2 f5 34. Re2 Rd8 35. Rc2 Rd1+ 36. Kg2 Rxc1 37. Rxc1 axb2 38. Rb1 Ba3 
39. Rxa3 Rxa3 40. Rxb2 Rxc3 41. Kf1 Rb3 42. Rc2 c3 43. Ke2 Rb2 44. Kd3 Rxc2 
45. Kxc2 Kf6 46. f4 e5 47. Kxc3 exf4 48. gxf4 g5 49. Kd3 gxf4 50. Ke2 h5 
51. h4 f3+ 52. Kxf3 Ke5 53. Ke3 f4+ 54. Kf3 Kf5 
0-1

[Event "34th Chess Olympiad (men)"]
[Site "Istanbul"]
[Date "2000.10.31"]
[Round "4.52.4"]
[White "Yapa, Mayura"]
[Black "Mcleod, Robert"]
[WhiteElo "2000"]
[BlackElo "2000"]
[WhiteCountry "SRI"]
[BlackCountry "JCI"]
[Result "1-0"]

1. d4 d5 2. c4 dxc4 3. e3 Nf6 4. Bxc4 e6 5. Nc3 Nc6 6. Nf3 Bd6 7. O-O e5 
8. dxe5 Nxe5 9. Nxe5 Bxe5 10. Qxd8+ Kxd8 11. Bxf7 Rf8 12. Bc4 Ng4 13. h3 Nf6 
14. f4 Bxc3 15. bxc3 Ne4 16. Ba3 Rf6 17. Bd3 Re6 18. f5 Re5 19. Bxe4 Rxe4 
20. f6 gxf6 21. Rxf6 Bd7 22. Rf7 Kc8 23. Rd1 Bc6 24. Be7 b6 25. Bd8 Ba4 
26. Rd2 Re8 27. Rxc7+ Kb8 28. Rxh7 
1-0